World Leaders Handshake Chain - Statistics

General Stats
  • This quiz has been taken 862 times
  • The average score is 8 of 15
Answer Stats
Picture Answer % Correct
Donald Trump
99%
Margaret Thatcher
93%
Mikhail Gorbachev
87%
George H.W. Bush
85%
Elizabeth II
81%
Winston Churchill
80%
Mao Zedong
77%
Indira Gandhi
55%
Ursula von der Leyen
47%
Deng Xiaoping
35%
Haile Selassie
20%
Josip Broz Tito
16%
Pierre Trudeau
15%
Benazir Bhutto
12%
Zulfikar Ali Bhutto
3%
No matching quizzes found
Score Distribution
Percent of People with Each Score
Percentile by Number Answered
Your Score History
You have not taken this quiz